000 00842nam a2200241Ia 4500
003 OSt
005 20220925195240.0
006 a|||||r|||| 00| 0
007 ta
008 220923b |||||||| |||| 00| 0 eng d
020 _a9781848448223
_c4065.8499999999999
037 _bBBS/16, 17/08/2010, Better Book Service
_cGeneral Book
040 _aRTL
_cRTL
_beng
041 _2eng
_aeng
082 _aX:77.49F, Q0
100 _aRITCHIE Bryan K
_9253908
245 0 _aSystemic vulnerability and sustainable economic growth
_b Skills and upgrading in Southeast Asia.
260 _aCheltenham
_bEdward Elgar
_c2010
300 _axiii, 252p Bibliography: P 208-26
_ccm.
650 _aCommerce
942 _hX:77.49F, Q0
_cGB
_2CC
999 _c532319
_d532319